<?xml version="1.0" encoding="UTF-8"?>
<collection xmlns="http://www.loc.gov/MARC21/slim">
 <record>
  <leader>00456pamaa2200157   4500</leader>
  <controlfield tag="001">0000013820</controlfield>
  <controlfield tag="005">20070123090000.0</controlfield>
  <datafield tag="020" ind1="0" ind2="0">
   <subfield code="a">0413393402 </subfield>
  </datafield>
  <datafield tag="082" ind1=" " ind2=" ">
   <subfield code="a">822  CHE</subfield>
  </datafield>
  <datafield tag="090" ind1="0" ind2="0">
   <subfield code="a">PR1272 </subfield>
   <subfield code="b">CHE 1990</subfield>
  </datafield>
  <datafield tag="100" ind1="1" ind2="0">
   <subfield code="a">CHEKHOV </subfield>
  </datafield>
  <datafield tag="245" ind1="1" ind2="4">
   <subfield code="a">The Cherry orchard : </subfield>
   <subfield code="b">a comedy in four acts  </subfield>
   <subfield code="c">Anton Chekhov ; translated by Michael Frayn.</subfield>
  </datafield>
  <datafield tag="260" ind1="0" ind2="0">
   <subfield code="a">London: </subfield>
   <subfield code="b">Methuen Drama, </subfield>
   <subfield code="c">1990.</subfield>
  </datafield>
  <datafield tag="300" ind1=" " ind2=" ">
   <subfield code="a">xx, 67p.: </subfield>
   <subfield code="b">19cm.</subfield>
  </datafield>
  <datafield tag="440" ind1="0" ind2="0">
   <subfield code="a">Methuen's theatre classics</subfield>
  </datafield>
  <datafield tag="650" ind1="0" ind2="0">
   <subfield code="a">English drama </subfield>
  </datafield>
 </record>
</collection>
